000 01911nam a22003257a 4500
999 _c21723
_d21723
003 AR-CdUCM
008 190425b ||||| |||| 00| 0 spa d
040 _aMUNICIPALIDAD PROVINCIAL DEL CUSCO
_cBIBLIOTECA MUNICIPAL DEL CUSCO
082 _aRev.Univ/N°62/1932
_bRev.Univ/N°62/1932
110 _aUniversidad Nacional de San Antonio Abad del Cusco
_915942
245 _aRevista Universitaria :
_bÓrgano de la Universidad Menor del Cuzco fundada en 1692 /
260 _aCusco :
_bH. G. Rozas,
_c 1932.
300 _a200 páginas. :
_c20 cm.
440 _aRevista Universitaria
_nAño XXI, 1° semestre 1932, N°62
_945867
505 _aContenido: Vasco de Contreras y Valverde. Fortunato L. Herrera. -- El alma a través de la historia filosófica. José S. Wagner. -- Estudio sobre la flora del departamento del Cuzco. Fortunato L. Herrera. -- La regio del Cusco. Roberto Gohring. -- Plantas usuales en el corregimiento de Abancay. Fortunato L. Herrera. -- Nuevas interpretaciones de la cultura Inca. Luis E. Valcárcel. -- Aspecto económico del problema indígena. Francisco Ponce de León. -- Arqueología Peruana. Luis A. Pardo. -- Del museo arqueológico de la universidad del Cuzco. Luis A. Pardo. -- Dr. M. Eusebio Curazao. H. Laferrer. -- Una bebida típicamente americana. Felipe Urquieta. -- Inserciones. Moisés Sáenz. -- Crónica Universitaria.
650 _aCronistas
_91200
650 _aArqueología
_9371
650 _aBotánica cusqueña
_945807
650 _aCultura Inka
_97102
650 _aEusebio Corazao
_96010
650 _aGastronomía cusqueña
_945868
700 _aFortuna L. Herrera
_945863
700 _aLuis A. Pardo
_945854
700 _aGohring, Roberto
_945869
700 _aPonce de León, Francisco
_929819
700 _aValcárcel, E. Luis
_945870
710 _aUniversidad Nacional de San Antonio Abad del Cusco
_915942
942 _2ddc
_cPP
945 _apuh